000 00668nam a22002057a 4500
003 UA-OsUOA
001 6993
007 ta
008 20031202b un ||||| |||| 00| 0 ukr d
100 _aГайдуцький Андрій
942 _cSA
040 _aUA-OsUOA
_bukr
_cUA-OsUOA
_dUA-OsUOA
245 _aДОсвід інвестиційного маркетингу в Китаї
_bна прикладі залучення іноземних інвестицій в автомобілебудування
300 _aС.60-62
955 _a0
041 _aukr
044 _aUA
773 0 _w0
650 7 _aЕкономіка зарубіжних країн
_2UDC
999 _c293154
_d293154